000
00326nam a22001457a 4500
020
_a
978-1-84646-983-1
082
_a
823
_b
SOU/J
100
_a
SOUTHGATE, VERA
245
_a
JACK AND THE BEANSTALK
260
_a
LONDON
_b
UK
300
_a
36
520
_a
ENGLISH SHORT STORY
650
_a
ENGLISH SHORT STORY
_z
UK
942
_c
BK
999
_c
4924
_d
4924